[Event "Cheliabinsk Panchenko Memorial op-B"]
[Site "Cheliabinsk"]
[Date "2022.09.14"]
[Round "3"]
[White "Melkozerova, Ulyana"]
[Black "Petrukhina, Olga"]
[Result "1/2-1/2"]
[WhiteElo "1379"]
[BlackElo "2030"]
[PlyCount "117"]
[EventDate "2022.09.12"]
[EventType "swiss"]
[EventRounds "10"]
[EventCountry "RUS"]
[SourceTitle "CBM 210 Extra"]
[Source "ChessBase"]
[SourceDate "2022.11.30"]
[SourceVersion "1"]
[SourceVersionDate "2022.11.30"]
[SourceQuality "1"]

1. d4 Nf6 2. Bf4 e6 3. e3 c5 4. Nf3 cxd4 5. exd4 b6 6. c3 Bb7 7. Nbd2 d6 8. Bd3 Be7 9. 0-0 0-0 10. h3 Qc7 11. Qb3 Nbd7 12. Rfc1 e5 13. dxe5 dxe5 14. Bh2 Bd6 15. Qc2 Nc5 16. Bf1 e4 17. Bxd6 Qxd6 18. Nd4 Qd5 19. Nc4 Rad8 20. Rd1 Qg5 21. Qd2 Qh5 22. Qe2 Qg6 23. Qe1 Nd5 24. b4 Nd7 25. Ne3 Ne5 26. c4 Nf4 27. Kh1 Ned3 28. Ndf5 Qg5 29. Bxd3 exd3 30. f3 Rfe8 31. Qf2 h5 32. h4 Qf6 33. c5 bxc5 34. bxc5 Re5 35. Nd6 Bc6 36. Rac1 Rxe3 37. Qxe3 Qxh4+ 38. Kg1 Ne2+ 39. Kf1 Qh1+ 40. Kf2 Qh4+ 41. Kf1 Nxc1 42. Rxc1 Rb8 43. Kg1 g6 44. Nc4 Rd8 45. Nd6 Qg3 46. Qxd3 h4 47. Qc4 Rd7 48. Qb3 h3 49. Rc2 Re7 50. Ne4 Qe1+ 51. Kh2 Bxe4 52. fxe4 Rxe4 53. gxh3 Re2+ 54. Rxe2 Qxe2+ 55. Kg1 Qe1+ 56. Kg2 Qe2+ 57. Kg1 Qe1+ 58. Kg2 Qe2+ 59. Kg1 1/2-1/2